000 00535nam a2200193Ia 4500
005 20250508163114.0
008 008 250505s9999 xx 000 0 eng d
037 _aTextual
040 _aFEDL
_beng
_cFEDL
041 _aeng
_2eng
084 _aF, TRE
_qFEDL
100 _aTreble H A Ed.
_959744
245 0 _aShort stories retold, Book 1
260 _aLondon, UK
_bOxford University Press
_c1946
300 _av,70p
490 _aTales retold for easy reading
942 _cTEXL
_hF, TRE
999 _c1380865
_d1380865